| 000 | 00594nam a22001937a 4500 | ||
|---|---|---|---|
| 005 | 20260305111535.0 | ||
| 008 | 251201b |||||||| |||| 00| 0 eng d | ||
| 020 | _a978-1-4548-8087-5 | ||
| 050 | _aKF 9685 .D 46 2018 | ||
| 100 | _aDEMLEITNER NORA V. | ||
| 245 | _aSENTENCING LAW AND POLICY: CASES,STATUTES,AND GUIDELINES | ||
| 250 | _a4 | ||
| 260 |
_aNEWYORK, _bWOLTERS KLUWER, _c2018, |
||
| 300 | _aX,486 P, ILL | ||
| 500 | _aINCLUDES INDEX | ||
| 650 | _aSentences (Criminal procedure)-United States | ||
| 700 | _aBERMAN DOUGLAS A, MILLER MARC L, WRIGHT RONALD F | ||
| 942 |
_2lcc _cBK |
||
| 999 |
_c216321 _d216321 |
||